| 000 | 00390nam a22001577a 4500 | ||
|---|---|---|---|
| 005 | 20180425121928.0 | ||
| 008 | 160520b xxu||||| |||| 00| 0 eng d | ||
| 041 | _aeng | ||
| 082 |
_b3631 _a510.2462 |
||
| 100 |
_aErwin Kreyszig _9901 |
||
| 245 | _aAdvanced Engineering Mathematics | ||
| 260 | _bJohn Willy & Sons Inc | ||
| 300 | _a1156 | ||
| 650 |
_aDIPLOMA ENGINEERING _9817 |
||
| 942 | _cBK | ||
| 999 |
_c1237 _d1237 |
||